Rubber irakkumathi kuraykkan ulpadanavum ulpaadanakshamathayum vardhippikkanam (Record no. 74877)

MARC details
000 -LEADER
fixed length control field 00274nam a22000977a 4500
100 ## - MAIN ENTRY--AUTHOR NAME
Personal name Raghavan, K.N
245 ## - TITLE STATEMENT
Title Rubber irakkumathi kuraykkan ulpadanavum ulpaadanakshamathayum vardhippikkanam
260 ## - PUBLICATION, DISTRIBUTION, ETC. (IMPRINT)
Name of publisher Rubber, 666(November): 7-8.
Year of publication 2021
650 ## - SUBJECT ADDED ENTRY--TOPICAL TERM
Topical Term Chairman
942 ## - ADDED ENTRY ELEMENTS (KOHA)
Koha item type Journals
Holdings
Withdrawn status Lost status Damaged status Not for loan Home library Current library Date acquired Koha item type
        RRII Library RRII Library 16/11/2022 Journals